| 000 | 00692nam a22001937a 4500 | ||
|---|---|---|---|
| 010 | _aA-678975 | ||
| 020 | _a8171545718 | ||
| 035 | _aA-678975 | ||
| 037 | _bCen Lib / Ret | ||
| 040 |
_aDPL _bEN |
||
| 082 |
_a954.32 _bGOP |
||
| 100 | _aGopal, M. H. | ||
| 245 |
_aBritish sources of the economic political and social history of the mysore state 1813-1832 / _cby M. H. Gopal |
||
| 260 |
_aBombay _bPopular Prakashan _c1993 |
||
| 270 |
_a35C Pandit Madan Mohan Malaviya Marg _bBombay |
||
| 300 |
_a(v 2. 225-491p) _c27cm(Hb) |
||
| 650 | _aCompagnie des Indes Orientales (Grande-Bretagne) -- Mysore (Inde) -- 1799 / 1832 -- [document] | ||
| 942 |
_2ddc _cEN _h954.32 _mGOP |
||
| 999 |
_c137040 _d137040 |
||